| 000 | 00605nam a2200217 a 4500 | ||
|---|---|---|---|
| 001 | 49700 | ||
| 003 | BD-RjUL | ||
| 005 | 20211209054721.0 | ||
| 008 | 160822s1963 nk ||||| |||| 00| 0 eng d | ||
| 035 | _a(BD-RjUL)49820 | ||
| 040 |
_aBD-RjUL _beng _cBD-RjUL |
||
| 041 | _aeng | ||
| 082 |
_223 _a355.02 _bBRS 1963. |
||
| 100 | 1 |
_aBrown, Neville _9149008 |
|
| 245 | 1 | 0 |
_aStrategic mobility / _cNeville Brown |
| 260 |
_aLondon : _bThe Institute for Strategic Studies, _c1963. |
||
| 300 |
_a254p. ; _c23 cm |
||
| 490 | _aStudies in international security :7 | ||
| 650 |
_aStrategy _9149009 |
||
| 942 |
_2ddc _cBK |
||
| 999 |
_c49700 _d49700 |
||